Az új kórlapfej számítógépes feldolgozásának tapasztalatai

Elmentve itt :
Bibliográfiai részletek
Szerzők: Tóth Józsefné
Kiss Ilona
Testületi szerző: Számítástechnikai és kibernetikai módszerek alkalmazása az orvostudományban és a biológiában
Dokumentumtípus: Könyv része
Megjelent: 1983
Sorozat:Számítástechnikai és kibernetikai módszerek alkalmazása az orvostudományban és a biológiában 11
Kulcsszavak:Számítógép alkalmazása - orvostudomány, Információs rendszer, Adatfeldolgozás - számítógép alkalmazása
Tárgyszavak:
Online Access:http://acta.bibl.u-szeged.hu/46101
LEADER 01146naa a2200241 i 4500
001 acta46101
005 20230612102647.0
008 170627s1983 hu o 1|| hun d
040 |a SZTE Egyetemi Kiadványok Repozitórium  |b hun 
041 |a hun 
100 1 |a Tóth Józsefné 
245 1 3 |a Az új kórlapfej számítógépes feldolgozásának tapasztalatai  |h [elektronikus dokumentum] /  |c  Tóth Józsefné 
260 |c 1983 
300 |a 454-457 
490 0 |a Számítástechnikai és kibernetikai módszerek alkalmazása az orvostudományban és a biológiában  |v 11 
650 4 |a Természettudományok 
650 4 |a Számítás- és információtudomány 
650 4 |a Orvos- és egészségtudomány 
650 4 |a Egészségtudományok 
695 |a Számítógép alkalmazása - orvostudomány, Információs rendszer, Adatfeldolgozás - számítógép alkalmazása 
700 0 1 |a Kiss Ilona  |e aut 
711 |a Számítástechnikai és kibernetikai módszerek alkalmazása az orvostudományban és a biológiában  |c Szeged  |d 1982. december 6-8. 
856 4 0 |u http://acta.bibl.u-szeged.hu/46101/1/szamtech_orvost_koll_011_454-457.pdf  |z Dokumentum-elérés